00468nam a22001577a 450000500170000001000150001702000260003203500130005803700130007108200130008410000190009724500760011626000380019227000520023030000280028220160721134733.0 aENG-115480 a9789381384220c150.00 aEN-99013 bDBAD/PUB a613.7046 aMenen,Rajendar aThe healing power of mudras :bthe yoga of the hands /cRajendar Menen aNew DelhibV & S Publishersc2015 aF-2/16,Ansari Road,DaryaganjbNew Delhie110002 a104p. :c21cm(pbk)bill